000 00788nam a2200277 i 4500
001 C2-0284728
003 PPAK
005 20180728014524.0
008 071209s2006 my a|||| ||||| | may d
020 _a9833440223 ; 9789833440221
040 _aPPAK
_beng
_cPPAK
_erda
082 0 4 _a899.233
_223
090 0 0 _a899.233
_bMEN
_dK
245 0 0 _aMengembara dengan kerusi ajaib
264 1 _aKuala Lumpur :
_bEdaran Kemajuan ,
_c2006
300 _a112 pages :
_billustrations ;
_c17 cm
336 _2rdacontent
_atext
337 _2rdamedia
_aunmediated
338 _2rdacarrier
_avolume
490 1 _aSiri sukaria
500 _a5
650 1 0 _aChildren's stories, Malay. ; Malay fiction.
700 0 _aNorlida binti Mahmood,
_ecompile
830 0 _aSiri sukaria
942 _ddc
_cB
999 _c90657
_d90657